000
00285nam a22001337a 4500
008
180927b xxu||||| |||| 00| 0 eng d
020
_a
0932883001
041
_a
eng
080
_a
617
100
_a
6
101
_a
KIR
245
_a
Surgical Secrets
_c
Abernathy, Ch
942
_2
udc
_c
BK
999
_c
48579
_d
48579